000 00866cab a2200253 4500
001 WB3425-54
008 090401t1998 xxu||||| |||| 00| 0 eng d
035 _a(Sirsi) u87090
041 _aeng
245 _aPlanning applications
260 _c1998
350 _a0
490 _aDETR Information Bulletin
_v(499/env) 26 June 1998, (6)
520 _aGives statistics for January to March 1998 of the number of planning applications and planning decisions made, the number of applications granted and the speed of the decisions. Other planning statistics included.
650 _aDEPARTURE APPLICATIONS
650 _aDISTRICT PLANNING AUTHORITIES
650 _aENFORCEMENT ACTION
650 _aPLANNING APPLICATIONS
650 _aPLANNING DECISIONS
650 _aSTATISTICS
690 _aPLANNING LAW AND PRACTICE
942 _n0
948 _c30/06/1998
999 _c54880
_d54880